SAMS teach yourself game programming with DirectX in 21 days (Record no. 4405)

000 -LEADER
fixed length control field 00564 a2200157 4500
020 ## - INTERNATIONAL STANDARD BOOK NUMBER
International Standard Book Number 0672324199
040 ## - CATALOGING SOURCE
Original cataloging agency Library of Congress
Language of cataloging English
100 1# - MAIN ENTRY--PERSONAL NAME
Personal name Walnum, Clayton.
245 10 - TITLE STATEMENT
Title SAMS teach yourself game programming with DirectX in 21 days
Statement of responsibility, etc. Clayton Walnum.
246 30 - VARYING FORM OF TITLE
Title proper/short title Teach yourself game programming with DirectX in 21 days
260 ## - PUBLICATION, DISTRIBUTION, ETC.
Place of publication, distribution, etc. Indianapolis, Ind. :
Name of publisher, distributor, etc. Sams Pub.,
Date of publication, distribution, etc. 2003.
300 ## - PHYSICAL DESCRIPTION
Extent xvii, 701 p. :
Other physical details ill. ;
Dimensions 23 cm. +
Accompanying material 1 CD-ROM (4 3/4 in.)
500 ## - GENERAL NOTE
General note Includes index.
650 #0 - SUBJECT ADDED ENTRY--TOPICAL TERM
Topical term or geographic name entry element Computer games
General subdivision Programming.
942 ## - ADDED ENTRY ELEMENTS (KOHA)
Koha item type Book
Call number prefix 006.768 WAL
Source of classification or shelving scheme
Holdings
Withdrawn status Lost status Damaged status Not for loan Collection code Permanent Location Current Location Shelving location Date acquired Source of acquisition Cost, normal purchase price Total Checkouts Full call number Barcode Date last seen Price effective from Koha item type
          Central Library (CL) Central Library (CL) First Floor - Machine Learning/Computer Graphics 01/14/2003 Amazon.com 3394.16   006.768 WAL SEECS002926 11/14/2012 01/05/2017 Book
          Central Library (CL) Central Library (CL) First Floor - Machine Learning/Computer Graphics 02/10/2003 NIMS Photocopier 736.00   006.768 WAL SEECS003095 11/14/2012 01/05/2017 Book
          Central Library (CL) Central Library (CL) First Floor - Machine Learning/Computer Graphics 02/10/2003 NIMS Photocopier 736.00   006.768 WAL SEECS003097 11/14/2012 01/05/2017 Book
          Central Library (CL) Central Library (CL) First Floor - Machine Learning/Computer Graphics 02/10/2003 NIMS Photocopier 736.00   006.768 WAL SEECS003096 11/14/2012 01/05/2017 Book
© 2023 Central Library, National University of Sciences and Technology. All Rights Reserved.